Statistiques concernant Dictionnaire n°1

Cliquez ici pour prendre le quiz!

Statistiques générales

  • Ce quiz a été pris 312 fois
  • Le résultat moyen est 6 sur 10

Statistiques - réponses

DéfinitionsClasse grammaticaleMots correspondants% Correct
Titre porté par les empereurs de Russie, des souverains slavesNomTsar
92%
Graine de certains fruits (raisins, baies, agrumes, pommes)NomPépin
91%
Broyer des grains avec une meuleVerbeMoudre
69%
Pièce d'artillerie servants à lancer des projectiles lourdsNomCanon
68%
Qui a de l'adresseAdjectifAdroit
66%
D'une manière incroyableAdverbeIncroyablement
54%
Qui apparaît pour la première fois, qui vient d'apparaîtreAdjectifNouveau
54%
Calculer approximativementVerbeEstimer
50%
Véhicule tout-terrain découvert, à quatre rouesNomQuad
46%
Qui est au-dedans, tourné vers le dedansAdjectifIntérieur
37%

Distribution des résultats

Percentile par nombre de réponses

% des personnes avec chaque résultat

Votre développement - résultats

Vous n’avez pas pris ce quiz